00262nam a2200109Ia 4500008004100000100001600041245003000057250000900087260004000096300000800136650000800144191201s2007 xx 000 0 und d a SRINAVASAN 0aAccounting for Management aRep. aN.DelhibS Chand and Co. Ltd.c2007 a710 aMBA